UK Constituencies - Greater London - Statistics

General Stats
  • This quiz has been taken 70 times
  • The average score is 33 of 75
Answer Stats
Constituency % Correct
Croydon South
74%
Barking
70%
Cities of London and Westminster
70%
Holborn and St Pancras
70%
Islington North
70%
Battersea
65%
Croydon East
65%
Croydon West
65%
Richmond Park
65%
Tottenham
65%
Tooting
61%
Ealing North
57%
Lewisham East
57%
Poplar and Limehouse
57%
Putney
57%
Wimbledon
57%
Bermondsey and Old Southwark
52%
Brent East
52%
Chelsea and Fulham
52%
Chingford and Woodford Green
52%
East Ham
52%
Harrow East
52%
Harrow West
52%
Hayes and Harlington
52%
Ilford North
52%
Ilford South
52%
Kingston and Surbiton
52%
Lewisham North
52%
Romford
52%
Uxbridge and South Ruislip
52%
Brent West
48%
Chipping Barnet
48%
Dagenham and Rainham
48%
Enfield North
48%
Finchley and Golders Green
48%
Orpington
48%
Walthamstow
48%
Bromley and Biggin Hill
43%
Hackney North and Stoke Newington
43%
Hackney South and Shoreditch
43%
Hornchurch and Upminster
43%
Islington South and Finsbury
43%
Kensington and Bayswater
43%
Old Bexley and Sidcup
43%
Twickenham
43%
Ealing Southall
39%
Feltham and Heston
39%
Greenwich and Woolwich
39%
Sutton and Cheam
39%
Carshalton and Wallington
35%
Hendon
35%
Mitcham and Morden
35%
Ruislip, Northwood and Pinner
35%
West Ham and Beckton
35%
Bethnal Green and Stepney
30%
Bexleyheath and Crayford
30%
Dulwich and West Norwood
30%
Eltham and Chislehurst
30%
Erith and Thamesmead
30%
Hampstead and Highgate
30%
Leyton and Wanstead
30%
Peckham
30%
Stratford and Bow
30%
Vauxhall and Camberwell Green
30%
Beckenham and Penge
26%
Brentford and Isleworth
26%
Ealing Central and Acton
26%
Hammersmith and Chiswick
26%
Hornsey and Friern Barnet
22%
Lewisham West and East Dulwich
22%
Streatham and Croydon North
22%
Queen's Park and Maida Vale
17%
Southgate and Wood Green
13%
Clapham and Brixton Hill
9%
Edmonton and Winchmore Hill
9%
No matching quizzes found
Score Distribution
Percent of People with Each Score
Percentile by Number Answered
Your Score History
You have not taken this quiz